000 00827nam a2200205Ia 4500
999 _c38173
_d38173
001 4163
003 GE_BSU
005 20190920160125.0
008 181216s1985||||ge |||||||||||||| ||geo||
040 _cGE_BSU
041 _ageo
080 _a398(479.22) ქ–27
245 _aქართული ფოლკლორი :
_bმასალები და გამოკვლევები ტ. 15 /
_cრედ.: ჯ. ბარდაველიძე.
264 _aთბ.:
_bმეცნიერება,
_c1985.
300 _a132 გვ. ;
_b21 სმ.
504 _aბიბლიოგრ. ტექსტის შენიშვნ.
653 _aქართული ფოლკლორი
700 _aბარდაველიძე, ჯ.
_eრედაქტორი
_94202
942 _cBK
_2udc